000 00379nam a2200157Ia 4500
008 160316s1962 xxu||||| |||| 00| 0 eng d
082 _a341.481026
_bYEA
100 _a
245 _aYear book of the European convention on human rights, 1961
250 _a
260 _aThe Hague
_bMartinus Nijhoff
_c1962
300 _a682
_b
_c
365 _b
650 _a
700 _a
_a
999 _c10160
_d10160